000 00878nam a2200289 a 4500
001 000044296
003 DO-SdBNP
005 20180125125616.0
007 000044296
008 140613s2011 ag a 000 0 spa d
020 _a9789870400493
040 _aBPMSU
_bspa
_cBPMSU
082 _aA863.6
_bB735e
100 1 _aBornemann, Elsa Isabel,
_d1952-2013.
245 1 3 _aLa edad del pavo /
_cElsa Bornemann; ilustración Carlos Nine
250 _a6a. reimpresión
260 _aBuenos Aires, Argentina :
_bAlguara,
_c2011
300 _a119 p. :
_bil. ;
_c21 cm.
440 _nAfaguara Juvenil
650 _aCUENTOS JUVENILES ARGENTINOS
650 _aLITERATURA JUVENIL ARGENTINA
700 _4Nine, Carlos
_eil.
830 _lAlfaguara juvenil
942 _2ddc
_cBK
_i
945 _aInventariado extranjero / 2018 VM
956 _aVMATEO
_b10
_c20140613
_lBPMSU
_h0069
999 _c7214
_d7214